01010 2200289 4500001002100000001002100021005001500042020002200057035002400079040001200103082001100115084001700126090001600143100002600159245008100185245020000266250001600466260005600482260003800538300003500576650001400611700001900625700002900644700001900673850001200692990001600704YOGYA000000000000799YOGYA00000000000079920140822072454 a978-602-229-055-1 0010-081400000000839 ayopddiy a361.06 a361.06 Nel P a370.9598Edw aNELSON-JONES, Riclard aEducation Reform in the Context of Regional Autonomy : The case of Indonesia aPengantar ketrampilan konseling; infeoduetion to counselling skills kata dan tindakan/cRiclard Nelson-jones;Penerjemah Helly prajitno soetjipto, sri mulyantini soetjipto. penyuntinglas,ud clasan aEd.3; Cet.1 aLondonbDirectory Publisers Association (DPA)c2002 aYogyakarta;bpustaka pelajar,2012 aXIII,447 hlm.;c23 cm.(3 eks ) aKonseling aHelly prajitno aSri mulyantini Soetjipto aMaj'ud Clasing aYOPDYOG a975-PD/A-04